| 000 | 00966nam a2200265 a 4500 | ||
|---|---|---|---|
| 001 | 000013826 | ||
| 005 | 20200929163349.0 | ||
| 008 | 091130s2003 es abc 001 0 spa d | ||
| 020 | _a8466205063 | ||
| 040 |
_aDO-SdBNP _bspa _cBNPHU |
||
| 082 |
_aR493.1 _bD647j |
||
| 100 | 1 |
_aDodson, Aidan _931325 |
|
| 245 | 1 | 4 |
_aLos jeroglíficos del antiguo Egipto / _cAidan Dodson ; traducción José Miguel Parra Ortíz. |
| 260 |
_aMadrid : _bEditorial Libsa, _c2003. |
||
| 300 |
_a144 p. : _bil., map., retrs. |
||
| 500 | _aIncluye datos biográficos del autor en la solapa de la contracubierta | ||
| 500 | _aIncluye índice | ||
| 504 | _aIncluye bibliografía (p. 139-140) | ||
| 534 |
_aTítulo original en inglés _bThe hieroglyphic of ancient Egypt |
||
| 650 | 4 |
_aJeroglíficos _zEgipto _931326 |
|
| 650 | 4 |
_aInscripciones jeroglíficas _931327 |
|
| 650 | 4 |
_aEgipcio (lengua) _xEscritura _931328 |
|
| 700 | 1 |
_aParra Ortíz, José Miguel _etr. _931329 |
|
| 049 | _aBNPD | ||
| 999 |
_c13437 _d13437 |
||